| 000 | 01154nam a2200193 4500 | ||
|---|---|---|---|
| 005 | 20251016102902.0 | ||
| 008 | 251016b |||||||| |||| 00| 0 eng d | ||
| 020 | _a9781529945904 | ||
| 082 | _a332.024 | ||
| 100 | _aMaggiulli, Nick | ||
| 245 |
_aThe Wealth Ladder: _bProven Strategies for Every Step of Your Financial Life |
||
| 260 |
_aUK; _bCornerstone press: _cc2025. |
||
| 300 | _axviii, 234p. | ||
| 500 | _aIt contains bibliography. | ||
| 520 | _aNick Maggiulli’s The Wealth Ladder introduces a dynamic framework for personal finance that adapts to different stages of wealth. Rather than offering one-size-fits-all advice, Maggiulli divides financial life into six distinct levels based on net worth, from under $10,000 to over $100 million. Each level presents unique challenges and requires tailored strategies for earning, saving, and investing. Drawing on data-driven insights and his experience as COO and Data Scientist at Ritholtz Wealth Management, Maggiulli empowers readers to climb the financial ladder with practical, level-specific guidance. | ||
| 650 | _aPersonal finance management | ||
| 650 | _aMoney | ||
| 942 |
_2ddc _n0 _cC |
||
| 999 |
_c30590 _d30590 |
||